00693nam a22002177a 4500003001100000005001700011008004100028020001500069040003900084041000800123082001500131100002200146245005800168260004300226300001600269650003900285650003900324942000700363952009000370999001500460LK-CoMWRAF20240212141710.0240211b1989 |||||||| |||| 00| 0 eng d a9559029010 aLK-CoMWRAFdLK-CoMWRAFeLK-CoMWRAF aeng a923.7bLUD aLudowyk, E. F. C. aThose long afternoons :bchildhood in colonial Ceylon aColombo :bLake house bookshop, c1989 axix., 96 p. aScholars -- Sri Lanka -- Biography aSri Lanka -Social life and customs cBK 00104070aMAINbMAINd2024-02-11l0o923.7 LUDpRAF5003r2024-02-11w2024-02-11yBK c4733d4733